[Event "XXVI Festival A"]
[Site "Arco ITA"]
[Date "2014.10.10"]
[Round "7"]
[White "Casagrande, Fabio"]
[Black "Wagner, Frank"]
[WhiteElo "1959"]
[BlackElo "1898"]
[Result "1-0"]
[PlyCount "65"]
[EventDate "2014.10.04"]

1. e4 b6 2. d4 Bb7 3. Nc3 e6 4. a3 Nf6 5. Bd3 Be7 6. Qe2 O-O 7. Nf3 c5 8. O-O
cxd4 9. Nxd4 Nc6 10. Be3 Ne5 11. Rad1 Nxd3 12. Qxd3 d5 13. e5 Ng4 14. Bf4 Bg5
15. Bg3 Bh4 16. h3 Bxg3 17. Qxg3 Nh6 18. f4 Rc8 19. Rf2 Rc4 20. Nce2 Ba6 21. c3
Rc5 22. Kh2 Bxe2 23. Rxe2 Kh8 24. Qf2 Qc8 25. g4 g6 26. Qh4 Ng8 27. f5 gxf5 28.
gxf5 exf5 29. Rg1 f6 30. Qg3 Rf7 31. e6 Rb7 32. e7 Rxe7 33. Rxe7 1-0

[Event "XXVI Festival A"]
[Site "Arco ITA"]
[Date "2014.10.10"]
[Round "7"]
[White "Catalfamo, Santo"]
[Black "Renzi, Marco"]
[WhiteElo "1696"]
[BlackElo "1902"]
[Result "1-0"]
[PlyCount "79"]
[EventDate "2014.10.04"]

1. Nf3 d5 2. b3 Bf5 3. Bb2 e6 4. g3 Nf6 5. d3 Nbd7 6. Bg2 c6 7. Nbd2 Qa5 8. O-O
Ba3 9. Qc1 Bc5 10. c3 Qb6 11. d4 Be7 12. Nh4 Bg4 13. Nhf3 O-O 14. h3 Bh5 15.
Re1 Bg6 16. Nh2 Rac8 17. e4 dxe4 18. Nxe4 Nxe4 19. Bxe4 Bxe4 20. Rxe4 Qb5 21.
c4 Qh5 22. Kg2 Nf6 23. Re5 Qg6 24. Qd2 Nd7 25. Re2 Rfd8 26. Qe3 Bg5 27. f4 Be7
28. Ng4 h5 29. Nh2 Nf6 30. Nf3 Bd6 31. Ne5 Bxe5 32. fxe5 Nd7 33. Rf1 Nb6 34.
Rf4 Rd7 35. Ref2 Rcc7 36. Qe2 Qb1 37. Qxh5 Qxa2 38. Rh4 Kf8 39. Qh8+ Ke7 40.
Qxg7 1-0

[Event "XXVI Festival A"]
[Site "Arco ITA"]
[Date "2014.10.10"]
[Round "7"]
[White "D'Aste, Federico"]
[Black "Pretto, Aldo"]
[WhiteElo "1453"]
[BlackElo "1746"]
[Result "1/2-1/2"]
[PlyCount "77"]
[EventDate "2014.10.04"]

1. e4 d6 2. d4 Nf6 3. Nc3 g6 4. Bc4 Bg7 5. Bb3 O-O 6. Nf3 c5 7. dxc5 Qa5 8. O-O
Qxc5 9. Be3 Qa5 10. Bd2 Qh5 11. h3 h6 12. Nh2 Qc5 13. Be3 Qa5 14. Bd2 Qc7 15.
Re1 Nc6 16. Nf3 a6 17. Qc1 Kh7 18. Nd5 Nxd5 19. exd5 Ne5 20. Nxe5 dxe5 21. c3
Bf5 22. Bc2 Qd7 23. Bxf5 Qxf5 24. Qb1 Qd7 25. Qd3 b5 26. Re4 f5 27. Rh4 Rad8
28. Qg3 f4 29. Qg5 Rf5 30. Qg4 Bf6 31. g3 Bxh4 32. Qxh4 Rh5 33. Qg4 Rxh3 34.
Qxd7 Rxd7 35. gxf4 Rxd5 36. Be3 exf4 37. Bxf4 e5 38. Be3 e4 39. Kg2 1/2-1/2

[Event "XXVI Festival A"]
[Site "Arco ITA"]
[Date "2014.10.10"]
[Round "7"]
[White "Dalla Vecchia, Paolo"]
[Black "Donadi, Luca"]
[WhiteElo "1897"]
[BlackElo "1773"]
[Result "1/2-1/2"]
[PlyCount "70"]
[EventDate "2014.10.04"]

1. d4 Nf6 2. Nf3 g6 3. c4 d5 4. cxd5 Nxd5 5. e4 Nf6 6. Nc3 Bg7 7. Bc4 O-O 8. e5
Ne8 9. Ng5 e6 10. b3 c6 11. O-O b5 12. Be2 a5 13. Nge4 Bb7 14. Nc5 Qc7 15. Bf3
Ba6 16. Re1 Nd7 17. N3e4 Nb6 18. Nxa6 Rxa6 19. Qc2 Nd5 20. a3 Qb6 21. Nc5 Ra7
22. Bxd5 cxd5 23. Be3 Rc7 24. f4 Bh6 25. Qd2 Ng7 26. g4 Ne8 27. g5 Bg7 28. h4
h5 29. gxh6 Bxh6 30. h5 Ng7 31. hxg6 fxg6 32. Rf1 Nf5 33. Rf2 Rcf7 34. Raf1 Ng3
35. Rd1 Nf5 1/2-1/2

[Event "XXVI Festival A"]
[Site "Arco ITA"]
[Date "2014.10.10"]
[Round "7"]
[White "De Eccher, Stefano"]
[Black "Gousseinov, Aguif"]
[WhiteElo "2237"]
[BlackElo "1985"]
[Result "0-1"]
[PlyCount "38"]
[EventDate "2014.10.04"]

1. e4 e5 2. Nf3 Nc6 3. d4 exd4 4. c3 dxc3 5. Bc4 Nf6 6. Nxc3 d6 7. Qb3 Qe7 8.
Bg5 Bd7 9. Nd5 Qxe4+ 10. Kf1 Na5 11. Bxf6 Bc6 12. Bc3 Nxb3 13. Re1 Qxe1+ 14.
Kxe1 Bxd5 15. Bxd5 Nc5 16. Ng5 Be7 17. b4 Bxg5 18. bxc5 c6 19. Bf3 Bf6 0-1

[Event "XXVI Festival A"]
[Site "Arco ITA"]
[Date "2014.10.10"]
[Round "7"]
[White "Dieli, Riccardo"]
[Black "Messina, Roberta"]
[WhiteElo "1857"]
[BlackElo "2006"]
[Result "0-1"]
[PlyCount "72"]
[EventDate "2014.10.04"]

1. Nf3 d5 2. c4 d4 3. g3 Nc6 4. Bg2 e5 5. d3 Nf6 6. O-O Bd6 7. a3 a5 8. Nbd2
O-O 9. Qc2 Nd7 10. Ne4 Nc5 11. Nxd6 Qxd6 12. Bd2 a4 13. Bb4 Nxb4 14. axb4 Nb3
15. Ra3 Qxb4 16. Nxe5 Re8 17. f4 f6 18. Nf3 Ra5 19. Rd1 Bd7 20. Bf1 Qe7 21. e4
dxe3 22. Be2 Bg4 23. Qc3 b6 24. Re1 Qd6 25. Rxa4 Rxa4 26. Qxb3 Qb4 27. Qxb4
Rxb4 28. Rb1 Ra8 29. Kg2 Ra2 30. h3 Rbxb2 31. Rxb2 Rxb2 32. hxg4 Rxe2+ 33. Kg1
Rd2 34. Ne1 c6 35. Kf1 b5 36. cxb5 cxb5 0-1

[Event "XXVI Festival A"]
[Site "Arco ITA"]
[Date "2014.10.10"]
[Round "7"]
[White "Dittmar, Peter"]
[Black "Altea, Alessandro"]
[WhiteElo "2293"]
[BlackElo "2063"]
[Result "1-0"]
[PlyCount "143"]
[EventDate "2014.10.04"]

1. d4 Nf6 2. c4 e6 3. Nc3 Bb4 4. e3 O-O 5. Nge2 d5 6. a3 Bd6 7. c5 Be7 8. b4 b6
9. Nf4 c6 10. Nd3 Nbd7 11. f4 a5 12. Bd2 Ba6 13. Be2 Qc7 14. O-O Ra7 15. Qc2
Rfa8 16. Qb2 Bc4 17. Nf2 Bxe2 18. Nxe2 axb4 19. axb4 bxc5 20. bxc5 Bd8 21. h3
Rxa1 22. Rxa1 Rxa1+ 23. Qxa1 Qb7 24. Nc1 Nb8 25. Ncd3 Nfd7 26. Qa4 Qa6 27. Qb3
Kf8 28. Qb1 g6 29. Ne5 Bc7 30. Nxd7+ Nxd7 31. Nd3 Ke8 32. Be1 Bd8 33. Kh2 Bc7
34. Bh4 Bd8 35. Bxd8 Kxd8 36. Ne5 Nxe5 37. Qb8+ Qc8 38. Qxe5 h5 39. Qh8+ Kd7
40. Qf6 Ke8 41. Kg3 Qb7 42. Qh8+ Ke7 43. Qe5 Kd8 44. Qd6+ Qd7 45. Qb8+ Ke7 46.
Kh4 f6 47. g4 hxg4 48. hxg4 Qe8 49. Qb7+ Qd7 50. Qa6 Qe8 51. Kg3 Qd7 52. Kf3
Qe8 53. Qb7+ Qd7 54. Qb8 Qd8 55. Qb7+ Qd7 56. Qa8 Qe8 57. Qa6 Qd7 58. Qb6 Qc8
59. Kg3 Qe8 60. g5 f5 61. Qc7+ Qd7 62. Qe5 Qe8 63. Qd6+ Kf7 64. Qc7+ Kg8 65.
Qb7 Kh8 66. Kf3 Kg8 67. Ke2 Kh8 68. Kd3 Kg8 69. Kc3 Qf7 70. Qxf7+ Kxf7 71. Kb4
Ke7 72. Ka5 1-0

[Event "XXVI Festival A"]
[Site "Arco ITA"]
[Date "2014.10.10"]
[Round "7"]
[White "Fratini, Mauro"]
[Black "Rondelli, Roberto"]
[WhiteElo "1863"]
[BlackElo "1756"]
[Result "0-1"]
[PlyCount "38"]
[EventDate "2014.10.04"]

1. d4 d5 2. Bf4 Nf6 3. e3 Bf5 4. c4 e6 5. Nf3 Bxb1 6. Rxb1 Bb4+ 7. Ke2 Bd6 8.
Qa4+ Nbd7 9. c5 Bxf4 10. exf4 c6 11. Ne5 Nxe5 12. fxe5 Nd7 13. g3 O-O 14. Bh3
Qg5 15. Bg2 f6 16. f4 Qg6 17. b4 fxe5 18. dxe5 Rxf4 19. Rbf1 Nxc5 0-1

[Event "XXVI Festival A"]
[Site "Arco ITA"]
[Date "2014.10.10"]
[Round "7"]
[White "Giancotti, Eraldo"]
[Black "Badano, Giancarlo"]
[WhiteElo "2086"]
[BlackElo "1936"]
[Result "1-0"]
[PlyCount "103"]
[EventDate "2014.10.04"]

1. Nf3 b6 2. e4 Bb7 3. Bc4 e6 4. Qe2 d6 5. d3 Nd7 6. Nc3 Be7 7. O-O Ngf6 8. Ng5
h6 9. Nh3 O-O 10. f4 d5 11. exd5 exd5 12. Bb5 a6 13. Bxd7 Qxd7 14. Nf2 Bc5 15.
Qf3 Ng4 16. Ncd1 Rfe8 17. c3 Nxf2 18. Nxf2 Bxf2+ 19. Qxf2 Re7 20. f5 f6 21. d4
Rae8 22. Qg3 Re2 23. Bxh6 Rxb2 24. Rae1 Rbe2 25. Rxe2 Rxe2 26. Bc1 Qe7 27. Bf4
c5 28. h4 Qe8 29. Rf3 Bc8 30. Bh6 Qe7 31. Kf1 Re4 32. Bd2 Bd7 33. Qb8+ Kf7 34.
Qxb6 Bb5+ 35. Kg1 cxd4 36. cxd4 Rxh4 37. a4 Bxa4 38. Bb4 Qd7 39. Rc3 Kg8 40.
Qb8+ Kh7 41. Rc8 Kh6 42. Qg3 g5 43. Rh8+ Kg7 44. Rxh4 Qxf5 45. Qc7+ Bd7 46. Rh3
Qg4 47. Bc5 Kg6 48. Rf3 Bf5 49. Qd8 Kg7 50. Qf8+ Kg6 51. Qg8+ Kh6 52. Rh3+ 1-0

[Event "XXVI Festival A"]
[Site "Arco ITA"]
[Date "2014.10.10"]
[Round "7"]
[White "Giaracuni, Claudio"]
[Black "De Simone Sorrentino, Fabio"]
[WhiteElo "1776"]
[BlackElo "1630"]
[Result "1/2-1/2"]
[PlyCount "79"]
[EventDate "2014.10.04"]

1. d4 d5 2. c4 e6 3. cxd5 exd5 4. Nc3 c6 5. Bf4 Bd6 6. Bxd6 Qxd6 7. Nf3 Nf6 8.
e3 O-O 9. Be2 Re8 10. O-O Bf5 11. Rc1 Nbd7 12. a3 Ne4 13. Nh4 Nxc3 14. Nxf5
Nxe2+ 15. Qxe2 Qf6 16. Qg4 Nf8 17. Ng3 Ne6 18. h4 Nf8 19. Rc3 Ng6 20. h5 Nf8
21. Rfc1 Ne6 22. b4 a6 23. R1c2 Nc7 24. a4 Re6 25. Qd1 Rae8 26. Qc1 g6 27. hxg6
hxg6 28. Qd1 Qh4 29. Qe2 Kg7 30. Kf1 Qh2 31. Qg4 Rf6 32. Qh3 Qxh3 33. gxh3 Ne6
34. Kg2 Rh8 35. f4 Nc7 36. Rc5 Re6 37. R5c3 Rhe8 38. Re2 Rf6 39. Rec2 Rfe6 40.
Re2 1/2-1/2

[Event "XXVI Festival A"]
[Site "Arco ITA"]
[Date "2014.10.10"]
[Round "7"]
[White "Gulinelli, Euro"]
[Black "Al Muneer, Muhammad"]
[WhiteElo "1632"]
[BlackElo "1451"]
[Result "1-0"]
[PlyCount "77"]
[EventDate "2014.10.04"]

1. e4 e5 2. Nf3 Nc6 3. Bb5 a6 4. Ba4 Nf6 5. O-O b5 6. Bb3 Be7 7. Re1 d6 8. h3
Bb7 9. d3 Na5 10. Nbd2 Nxb3 11. axb3 O-O 12. Nf1 Nd7 13. Ng3 Bc8 14. Nh2 Bg5
15. Be3 Nb6 16. Qd2 Bxe3 17. Rxe3 f5 18. exf5 Bxf5 19. Rf3 Be6 20. Ne4 Rxf3 21.
Nxf3 h6 22. d4 Bd5 23. Qd3 Qf8 24. Nfd2 Qf5 25. f3 Bb7 26. c4 bxc4 27. bxc4 d5
28. cxd5 Nxd5 29. Qc4 Kh8 30. Ra5 exd4 31. Qxd4 Re8 32. Nc4 Nf4 33. Qd2 Qf7 34.
Ne5 Qf5 35. Qxf4 Rxe5 36. Qxe5 Qd7 37. Rc5 Qd1+ 38. Kh2 c6 39. Nd6 1-0

[Event "XXVI Festival A"]
[Site "Arco ITA"]
[Date "2014.10.10"]
[Round "7"]
[White "Kern, Beat"]
[Black "Hussain, Hashem"]
[WhiteElo "1622"]
[BlackElo "1699"]
[Result "0-1"]
[PlyCount "92"]
[EventDate "2014.10.04"]

1. d4 Nf6 2. c4 c5 3. d5 b5 4. cxb5 a6 5. b6 Qxb6 6. Nc3 g6 7. e4 d6 8. Nf3
Nbd7 9. Qa4 Bg7 10. Be2 O-O 11. O-O a5 12. a3 Ba6 13. Re1 Rfb8 14. h3 Qb7 15.
Qc2 Ne8 16. Rb1 Nc7 17. Bd2 Bxe2 18. Rxe2 Qb3 19. Qxb3 Rxb3 20. Na4 Nb6 21.
Nxb6 Rxb6 22. Bg5 Kf8 23. e5 Nxd5 24. Rbe1 h6 25. Bc1 e6 26. exd6 Rxd6 27. Ne5
Bxe5 28. Rxe5 h5 29. Bd2 a4 30. Rc1 Rc6 31. Rc4 Rb8 32. Rxa4 Rxb2 33. Ra8+ Ke7
34. Bh6 c4 35. Bf8+ Kd7 36. Ra7+ Rc7 37. Rxc7+ Kxc7 38. Re4 c3 39. Rc4+ Kb6 40.
Bg7 f6 41. Bh6 Kb5 42. Rc8 g5 43. h4 c2 44. Kh2 Nb6 45. Rc3 Na4 46. Rc8 Nc5 0-1

[Event "XXVI Festival A"]
[Site "Arco ITA"]
[Date "2014.10.10"]
[Round "7"]
[White "Knors, Rudi"]
[Black "Reyna Hernandez, Sandor"]
[WhiteElo "2099"]
[BlackElo "1941"]
[Result "1-0"]
[PlyCount "119"]
[EventDate "2014.10.04"]

1. d4 d5 2. Nf3 Nf6 3. c4 c6 4. Nc3 e6 5. e3 Nbd7 6. Bd3 dxc4 7. Bxc4 b5 8. Bd3
b4 9. Ne4 Bb7 10. Qa4 Qb6 11. Nxf6+ gxf6 12. Nd2 a6 13. Nc4 Qc7 14. Qa5 Bd6 15.
Qxc7 Bxc7 16. O-O c5 17. Bd2 Rg8 18. g3 h5 19. e4 h4 20. Bc2 hxg3 21. fxg3 a5
22. Be3 cxd4 23. Bxd4 e5 24. Bf2 Ra6 25. Rfd1 Bc6 26. Nd6+ Bxd6 27. Rxd6 Ke7
28. Rad1 Bb5 29. Rxa6 Bxa6 30. Ba4 Rd8 31. Bc6 Bc4 32. Bd5 Rc8 33. Rc1 Ba6 34.
Rxc8 Bxc8 35. Ba7 Kd6 36. Bxf7 Bb7 37. Bg6 Nf8 38. Bf5 Ne6 39. h4 Nd4 40. Bg6
Nf3+ 41. Kf2 Nd2 42. Ke3 Nf1+ 43. Kf3 Nd2+ 44. Kg4 Nxe4 45. h5 Ke7 46. h6 Kf8
47. Kf5 Bd5 48. Bb6 a4 49. Ba5 Nxg3+ 50. Kxf6 Kg8 51. Kxe5 Bxa2 52. Bxb4 Bb3
53. Be7 Nh5 54. Bxh5 Kh7 55. Bg5 Bc4 56. Kf6 Bd3 57. Bg4 Bc4 58. Bf5+ Kh8 59.
Bd2 Bg8 60. Bc3 1-0

[Event "XXVI Festival A"]
[Site "Arco ITA"]
[Date "2014.10.10"]
[Round "7"]
[White "Krauss, Josef"]
[Black "Cardili, Mariano"]
[WhiteElo "2158"]
[BlackElo "2097"]
[Result "1/2-1/2"]
[PlyCount "94"]
[EventDate "2014.10.04"]

1. e4 c6 2. d4 d5 3. exd5 cxd5 4. c4 Nf6 5. Nc3 Nc6 6. Nf3 Bg4 7. cxd5 Nxd5 8.
Qb3 Bxf3 9. gxf3 e6 10. Qxb7 Nxd4 11. Bb5+ Nxb5 12. Qc6+ Ke7 13. Qxb5 Qd7 14.
Nxd5+ Qxd5 15. Bg5+ f6 16. Qxd5 exd5 17. Be3 Ke6 18. O-O-O Bb4 19. a3 Rhc8+ 20.
Kb1 Bc5 21. Rhe1 Bxe3 22. fxe3 Rc4 23. Rd3 Rac8 24. Red1 R8c5 25. R1d2 g5 26.
b4 Rb5 27. Rb2 h5 28. Rdb3 h4 29. a4 Rb7 30. a5 Rb5 31. Ka2 g4 32. e4 dxe4 33.
fxg4 Ke5 34. h3 Rd4 35. Ka3 Rd3 36. Rf2 Rxb3+ 37. Kxb3 Kd4 38. Rxf6 Re5 39. Kc2
Ke3 40. Rf5 Re7 41. g5 Rg7 42. Kd1 Rd7+ 43. Ke1 Rb7 44. b5 Rc7 45. Kd1 Rd7+ 46.
Ke1 Rc7 47. Kd1 Rd7+ 1/2-1/2

[Event "XXVI Festival A"]
[Site "Arco ITA"]
[Date "2014.10.10"]
[Round "7"]
[White "Lezzerini, Marco"]
[Black "Al Hajiri, Bader"]
[WhiteElo "1994"]
[BlackElo "2130"]
[Result "1-0"]
[PlyCount "135"]
[EventDate "2014.10.04"]

1. d4 d5 2. c4 c6 3. cxd5 cxd5 4. Nc3 Nc6 5. Bf4 Nf6 6. e3 a6 7. Bd3 Bg4 8.
Nge2 e6 9. f3 Bh5 10. Qb3 Bd6 11. Qxb7 Na5 12. Qxa8 Qxa8 13. Bxd6 Qc6 14. Bf4
O-O 15. b3 Bg6 16. Bxg6 hxg6 17. Kf2 Nh5 18. Rac1 Nxf4 19. Nxf4 Qd6 20. Na4 Qa3
21. Nc3 Qb2+ 22. Nfe2 Rc8 23. Rb1 Qa3 24. Rhc1 Nc6 25. Rc2 Rb8 26. Na4 Qd6 27.
g3 Nb4 28. Rd2 Rc8 29. Rbd1 a5 30. Nac3 Qa6 31. Kg2 Rc7 32. Kf2 Qc8 33. Rc1 Qa6
34. Rcd1 g5 35. a3 Nc6 36. Na4 Qa7 37. Rc2 g4 38. Rdc1 gxf3 39. Rxc6 Rxc6 40.
Rxc6 fxe2 41. Kxe2 Qb7 42. Rc3 Qb5+ 43. Kf2 f6 44. Nc5 e5 45. Nd3 Qd7 46. b4
Qf5+ 47. Ke2 Qh5+ 48. Ke1 axb4 49. axb4 Qxh2 50. b5 Qxg3+ 51. Kd2 Qg2+ 52. Kc1
e4 53. b6 exd3 54. b7 Qf1+ 55. Kb2 Qe2+ 56. Ka3 d2 57. b8=Q+ Kf7 58. Qb7+ Ke6
59. Qc8+ Kf7 60. Rc7+ Kg6 61. Qe8+ Kh7 62. Qd7 Qxe3+ 63. Ka2 Qg3 64. Qf5+ Kh6
65. Rc8 g6 66. Qxf6 Qb3+ 67. Kxb3 d1=Q+ 68. Rc2 1-0

[Event "XXVI Festival A"]
[Site "Arco ITA"]
[Date "2014.10.10"]
[Round "7"]
[White "Medancic, Rikard"]
[Black "Reinert, Stephane"]
[WhiteElo "2202"]
[BlackElo "2059"]
[Result "1/2-1/2"]
[PlyCount "94"]
[EventDate "2014.10.04"]

1. Nf3 Nc6 2. e4 Nf6 3. e5 Ng4 4. d4 d6 5. h3 Nh6 6. Bxh6 gxh6 7. exd6 cxd6 8.
c3 Bg7 9. Nbd2 O-O 10. d5 Ne5 11. Nxe5 Bxe5 12. Bd3 e6 13. dxe6 fxe6 14. Qe2
Qf6 15. Nf3 Bxc3+ 16. Kf1 Ba5 17. Rc1 Rf7 18. Rc2 Bd7 19. Bb5 Bxb5 20. Qxb5 Bb6
21. h4 Qg6 22. Qe2 Rg7 23. Rh2 Rf8 24. h5 Qg4 25. Rc4 Qf5 26. Qc2 Qb5 27. a4
Qd5 28. Rh3 e5 29. Rc8 Rgf7 30. Rh4 Qe6 31. Rxf8+ Rxf8 32. Qe4 Qf5 33. b4 a6
34. Rg4+ Kh8 35. Qxf5 Rxf5 36. a5 Ba7 37. Rc4 Kg7 38. Rc2 e4 39. Nh4 Rf7 40. g4
Kf6 41. Nf5 Ke5 42. Rc8 Kd5 43. Rd8 Ke5 44. Re8+ Kd5 45. Ra8 b6 46. Rd8 bxa5
47. Rxd6+ Ke5 1/2-1/2

[Event "XXVI Festival A"]
[Site "Arco ITA"]
[Date "2014.10.10"]
[Round "7"]
[White "Menon, Michele"]
[Black "Galas, Franco"]
[WhiteElo "1703"]
[BlackElo "1719"]
[Result "1/2-1/2"]
[PlyCount "62"]
[EventDate "2014.10.04"]

1. Nf3 d5 2. c4 c6 3. g3 e6 4. Bg2 Bd6 5. b3 Ne7 6. Bb2 f6 7. O-O e5 8. cxd5
cxd5 9. d3 Bd7 10. Nbd2 Nbc6 11. e4 d4 12. Nc4 Bc7 13. Ba3 b5 14. Nd6+ Bxd6 15.
Bxd6 Bg4 16. Bxe7 Nxe7 17. Rc1 O-O 18. b4 Qd7 19. Rc5 a6 20. Qb1 Ra7 21. Rfc1
Rc8 22. Nd2 Rc6 23. Nb3 Rac7 24. Rxc6 Nxc6 25. Nc5 Qc8 26. Qb3+ Kh8 27. a3 Nd8
28. Qb2 Nf7 29. Nb3 Rxc1+ 30. Qxc1 Qxc1+ 31. Nxc1 Bd1 1/2-1/2

[Event "XXVI Festival A"]
[Site "Arco ITA"]
[Date "2014.10.10"]
[Round "7"]
[White "Mombelli, Antonio"]
[Black "Occari, Maurizio"]
[WhiteElo "1832"]
[BlackElo "2036"]
[Result "0-1"]
[PlyCount "59"]
[EventDate "2014.10.04"]

1. e4 g6 2. d4 Bg7 3. Nf3 d6 4. c3 Nf6 5. Bd3 c5 6. dxc5 dxc5 7. O-O O-O 8. h3
Qc7 9. Qe2 Nc6 10. Rd1 Nh5 11. Be3 b6 12. Bc2 Bb7 13. Nbd2 Nf4 14. Qe1 Ba6 15.
Nf1 Rad8 16. Rxd8 Rxd8 17. Rd1 Nd3 18. Bxd3 Bxd3 19. Ng3 c4 20. Nd2 Be5 21. Ne2
b5 22. f4 Bxe2 23. Qxe2 Bxf4 24. Rf1 Bxe3+ 25. Qxe3 Rd3 26. Qe2 Ne5 27. Kh1 Qd6
28. Nf3 Nxf3 29. Rxf3 Rd2 30. Qe3 0-1

[Event "XXVI Festival A"]
[Site "Arco ITA"]
[Date "2014.10.10"]
[Round "7"]
[White "Morselli, Stefano"]
[Black "Bortolotti, Silvano"]
[WhiteElo "1904"]
[BlackElo "1828"]
[Result "1-0"]
[PlyCount "43"]
[EventDate "2014.10.04"]

1. Nf3 b6 2. g3 Bb7 3. Bg2 f5 4. O-O Nf6 5. c4 e6 6. d4 Be7 7. Nc3 O-O 8. Re1
Bb4 9. Bd2 Nc6 10. Qb3 Bxc3 11. Bxc3 Ne4 12. d5 exd5 13. cxd5 Nc5 14. Qc4 Ba6
15. Qf4 Ne7 16. Qd4 Rf6 17. Nd2 d6 18. e4 Nd3 19. Re3 Ne5 20. f4 c5 21. dxc6
N5xc6 22. Qa4 1-0

[Event "XXVI Festival A"]
[Site "Arco ITA"]
[Date "2014.10.10"]
[Round "7"]
[White "Naumkin, Igor"]
[Black "Illi, Hans-Joerg"]
[WhiteElo "2442"]
[BlackElo "2127"]
[Result "1-0"]
[PlyCount "79"]
[EventDate "2014.10.04"]

1. d4 Nf6 2. c4 e6 3. Nf3 Bb4+ 4. Nbd2 b6 5. g3 c6 6. a3 Be7 7. Bg2 O-O 8. O-O
d5 9. Qc2 Bb7 10. b3 Nbd7 11. Bb2 Rc8 12. Rad1 Qc7 13. e4 Rfd8 14. Rfe1 h6 15.
Qb1 a5 16. h4 Qb8 17. Bh3 Bf8 18. e5 Ne8 19. cxd5 cxd5 20. Nf1 Be7 21. Qd3 Qa8
22. Ne3 Ba6 23. Qd2 Nf8 24. Nh2 Nh7 25. f4 Rc7 26. f5 Bc8 27. Rf1 Qc6 28. Rc1
Qb5 29. Rxc7 Nxc7 30. f6 gxf6 31. Nhg4 Bf8 32. Rxf6 Ne8 33. Nxh6+ Bxh6 34. Rxh6
Qxb3 35. Bf1 f5 36. exf6 Nexf6 37. Bd3 Ne4 38. Bxe4 dxe4 39. Qf2 Rf8 40. Rg6+
1-0

[Event "XXVI Festival A"]
[Site "Arco ITA"]
[Date "2014.10.10"]
[Round "7"]
[White "Olivetti, Davide"]
[Black "Cardarelli, Angelo"]
[WhiteElo "1936"]
[BlackElo "2041"]
[Result "1-0"]
[PlyCount "69"]
[EventDate "2014.10.04"]

1. e4 e6 2. d4 d5 3. Nd2 Nf6 4. e5 Nfd7 5. f4 c5 6. c3 Nc6 7. Ndf3 Qb6 8. g3
cxd4 9. cxd4 Bb4+ 10. Kf2 O-O 11. Kg2 Qd8 12. Bd3 f5 13. h3 a6 14. g4 Ne7 15.
Ne2 Nb8 16. Ng3 Nbc6 17. gxf5 Nxf5 18. Nxf5 exf5 19. Kh2 Be6 20. Rg1 Rc8 21.
Be3 Rc7 22. Ng5 Qd7 23. Qh5 g6 24. Qh6 Nd8 25. a3 Ba5 26. Nxh7 Qxh7 27. Rxg6+
Rg7 28. Rxg7+ Qxg7 29. Rg1 Rf7 30. Rxg7+ Rxg7 31. Bf2 Bb6 32. Bh4 Rh7 33. Qg6+
Rg7 34. Qe8+ Kh7 35. Bxd8 1-0

[Event "XXVI Festival A"]
[Site "Arco ITA"]
[Date "2014.10.10"]
[Round "7"]
[White "Ottaviani, Gianluca"]
[Black "Caruso, Augusto"]
[WhiteElo "1982"]
[BlackElo "2264"]
[Result "0-1"]
[PlyCount "50"]
[EventDate "2014.10.04"]

1. d4 f5 2. g3 Nf6 3. Bg2 e6 4. c4 Be7 5. Nf3 d6 6. O-O O-O 7. Qc2 Qe8 8. Nc3
Qh5 9. b3 Nc6 10. Ba3 a5 11. Rad1 Rb8 12. Nb5 f4 13. Bc1 fxg3 14. fxg3 e5 15.
Bg5 Ng4 16. Bxe7 Nxe7 17. Qc3 Nf5 18. Nh4 Bd7 19. dxe5 Nfe3 20. exd6 Rxf1+ 21.
Rxf1 Nxf1 22. Bd5+ Kh8 23. dxc7 Rf8 24. Nf3 Nge3 25. Nd6 Rxf3 0-1

[Event "XXVI Festival A"]
[Site "Arco ITA"]
[Date "2014.10.10"]
[Round "7"]
[White "Paleologu, Vladimir"]
[Black "Bernardi, Ruben"]
[WhiteElo "2170"]
[BlackElo "2098"]
[Result "1/2-1/2"]
[PlyCount "73"]
[EventDate "2014.10.04"]

1. e4 e6 2. d4 d5 3. e5 c5 4. Qg4 cxd4 5. Nf3 Nc6 6. Bd3 Nge7 7. O-O Qc7 8. Re1
Bd7 9. a3 g6 10. Bg5 Bg7 11. Qf4 h6 12. Bf6 g5 13. Qg4 Bxf6 14. exf6 Ng8 15.
Nxd4 Nxd4 16. Qxd4 Qb6 17. Qe5 Rc8 18. Nd2 Kf8 19. Re3 Qc7 20. Qd4 Qc5 21. Qe5
d4 22. Qxc5+ Rxc5 23. Re4 Nxf6 24. Rxd4 Ke7 25. Re1 Rhc8 26. c4 R5c6 27. f4 Rd6
28. Rxd6 Kxd6 29. fxg5 hxg5 30. Rf1 Ke7 31. b4 Rd8 32. Nf3 Be8 33. Be2 Ne4 34.
Rd1 Rxd1+ 35. Bxd1 f6 36. Bc2 Nd6 37. Bd3 1/2-1/2

[Event "XXVI Festival A"]
[Site "Arco ITA"]
[Date "2014.10.10"]
[Round "7"]
[White "Perman, Denis"]
[Black "Ziltener, Werner"]
[WhiteElo "1835"]
[BlackElo "1997"]
[Result "1/2-1/2"]
[PlyCount "119"]
[EventDate "2014.10.04"]

1. e4 d6 2. d4 Nf6 3. Nc3 c6 4. h3 e5 5. Nf3 Qc7 6. g4 h6 7. Be3 Be7 8. Qd2
Nbd7 9. Be2 Nf8 10. Rf1 g5 11. Nh2 Ng6 12. Rg1 Nh7 13. Nf1 Nf4 14. h4 gxh4 15.
Bxf4 exf4 16. Qxf4 Bg5 17. Qf3 Qe7 18. Ne3 Qf6 19. O-O-O Qxf3 20. Bxf3 Bd7 21.
Kb1 O-O-O 22. Nc4 Kc7 23. e5 dxe5 24. Nxe5 Be6 25. Ne4 Rhf8 26. Nc5 Nf6 27. Be2
Nd5 28. Ncd3 Nf4 29. Nxf4 Bxf4 30. Nf3 Bg5 31. Ne5 f5 32. f4 Bf6 33. g5 hxg5
34. fxg5 Bxe5 35. dxe5 Rxd1+ 36. Bxd1 h3 37. Bf3 h2 38. Rh1 Rh8 39. Kc1 Bd5 40.
Bxd5 cxd5 41. g6 Kd7 42. g7 Rg8 43. Rxh2 Rxg7 44. Rh6 Rg1+ 45. Kd2 Rg2+ 46. Kd3
Ke7 47. Rf6 Rf2 48. a4 b6 49. b4 Rf4 50. c3 Rf3+ 51. Kd4 Rf4+ 52. Kd3 Re4 53.
Rxf5 Ke6 54. Rh5 Rxe5 55. Rxe5+ Kxe5 56. c4 d4 57. c5 bxc5 58. bxc5 Kd5 59. c6
Kxc6 60. Kxd4 1/2-1/2

[Event "XXVI Festival A"]
[Site "Arco ITA"]
[Date "2014.10.10"]
[Round "7"]
[White "Rahls, Peter"]
[Black "Ager, Josef"]
[WhiteElo "2265"]
[BlackElo "2125"]
[Result "0-1"]
[PlyCount "122"]
[EventDate "2014.10.04"]

1. e4 g6 2. d4 Bg7 3. Nc3 d6 4. g3 Nc6 5. d5 Nd4 6. Bg2 c5 7. Nce2 Rb8 8. c3
Nxe2 9. Nxe2 b5 10. O-O Nf6 11. f4 O-O 12. h3 e6 13. dxe6 Bxe6 14. Be3 Re8 15.
Qc2 Qc7 16. Rf2 Qc8 17. Kh2 d5 18. e5 Bf5 19. Qd1 Ne4 20. Rf1 Be6 21. Ng1 f5
22. g4 Rd8 23. gxf5 Bxf5 24. Nf3 b4 25. cxb4 Rxb4 26. b3 d4 27. Bd2 Rb7 28. Ng5
Nxg5 29. Bxb7 Qxb7 30. fxg5 Bxe5+ 31. Bf4 Bg7 32. Rc1 Qd5 33. Qd2 d3 34. Rce1
c4 35. bxc4 Qxc4 36. Rc1 Qd4 37. Rf2 Bf8 38. Kg3 Bc5 39. Rcf1 Re8 40. Rf3 Re2
41. Qd1 Qb2 42. Qb3+ Qxb3 43. axb3 Be4 44. Rd1 Bxf3 45. Kxf3 Rf2+ 46. Ke4 Kf7
47. Rxd3 Ke7 48. Rc3 Bb6 49. Bc7 Kd7 50. Bf4 Rf1 51. Rd3+ Ke6 52. Rd6+ Ke7 53.
Rf6 Rh1 54. Kd5 Rd1+ 55. Kc6 Ke8 56. b4 Bd8 57. Re6+ Kf7 58. Rd6 Rxd6+ 59. Kxd6
Be7+ 60. Kc6 Bxb4 61. Kb5 a5 0-1

[Event "XXVI Festival A"]
[Site "Arco ITA"]
[Date "2014.10.10"]
[Round "7"]
[White "Rocchetti, Marco"]
[Black "Pipitone, Antonio"]
[WhiteElo "1854"]
[BlackElo "1955"]
[Result "1/2-1/2"]
[PlyCount "130"]
[EventDate "2014.10.04"]

1. d4 Nf6 2. Nf3 g6 3. Bf4 d6 4. h3 c5 5. e3 cxd4 6. exd4 Bg7 7. c3 Qb6 8. Qb3
Nbd7 9. Bc4 Qxb3 10. Bxb3 O-O 11. O-O d5 12. Nbd2 e6 13. Rfe1 Nb6 14. a4 a5 15.
Bc7 Ra6 16. Bf4 Bd7 17. Ne5 Rc8 18. f3 Be8 19. g4 Nfd7 20. g5 Nxe5 21. Bxe5 h6
22. Bxg7 Kxg7 23. h4 hxg5 24. hxg5 Nc4 25. Nxc4 dxc4 26. Bc2 Rb6 27. Ra2 Bc6
28. Kg2 Rh8 29. Re5 Bd5 30. Be4 Rd8 31. Bxd5 exd5 32. Re2 Rb3 33. Kg3 Rd6 34.
Re5 b5 35. axb5 Rxb5 36. Ra4 f6 37. gxf6+ Kxf6 38. Rxc4 Rxb2 39. Ra4 Rc6 40.
Rxd5 Rxc3 41. Rc5 Rd3 42. Raxa5 Rbb3 43. Ra6+ Kg7 44. Rc7+ Kh6 45. Rf7 Rxd4 46.
Rff6 Rc4 47. Rxg6+ Kh5 48. Rg8 Rcc3 49. Rf6 Rb5 50. Rf7 Rg5+ 51. Rxg5+ Kxg5 52.
Rg7+ Kf5 53. Ra7 Rb3 54. Rf7+ Kg6 55. Rf4 Rb1 56. Ra4 Rb6 57. Kg4 Rc6 58. Ra5
Rb6 59. f4 Rc6 60. Ra8 Rc5 61. Rg8+ Kf7 62. Ra8 Rb5 63. Ra6 Rc5 64. f5 Rc1 65.
Ra3 Kf6 1/2-1/2

[Event "XXVI Festival A"]
[Site "Arco ITA"]
[Date "2014.10.10"]
[Round "7"]
[White "Roessner, Uwe"]
[Black "Bottesi, Gianluca"]
[WhiteElo "1866"]
[BlackElo "1692"]
[Result "1/2-1/2"]
[PlyCount "25"]
[EventDate "2014.10.04"]

1. c4 Nf6 2. g3 g6 3. Bg2 Bg7 4. Nf3 O-O 5. O-O c6 6. d3 d5 7. Nbd2 a5 8. Rb1
Na6 9. a3 Qd6 10. Nb3 dxc4 11. Bf4 Qd8 12. dxc4 Bf5 13. Qxd8 1/2-1/2